000 00807nam a22002057a 4500
999 _c2279
_d2279
003 AR-CdUCM
008 190304b ||||| |||| 00| 0 spa d
040 _aMUNICIPALIDAD PROVINCIAL DEL CUSCO
_cBIBLIOTECA MUNICIPAL DEL CUSCO
082 _22ed.
_a869.55 /
_bC31
100 _aCateriano, Mariano Ambrosio
_98229
245 _aTradiciones de Arequipa o recuerdos de antaño /
260 _aLima :
_bStudium,
_c1973.
300 _a129 páginas ;
_bBibliografía: p. 129.
_c18 cm.
505 _aIntroducción por Estuardo Nuñez -- Prólogo -- Dos multas por excomunión -- La plegaria de las diez de la noche -- Las variaciones de doña Ignacia o el que menos corre vuela...
650 _aTradiciones
_9229
650 _aCostumbres
_9230
650 _aArequipa
_91703
942 _2ddc
_cLIBROS
945 _admma